Từ điển Anh - Việt (khoảng 340.000 mục từ) = English - Vietnamese dictionary
Wedi'i Gadw mewn:
| Awdur Corfforaethol: | |
|---|---|
| Fformat: | Llyfr |
| Iaith: | Undetermined |
| Cyhoeddwyd: |
Hà Nội
Khoa học xã hội
2003
|
| Pynciau: | |
| Tagiau: |
Ychwanegu Tag
Dim Tagiau, Byddwch y cyntaf i dagio'r cofnod hwn!
|
| Thư viện lưu trữ: | Trung tâm Học liệu Trường Đại học Cần Thơ |
|---|
| LEADER | 00597nam a2200193Ia 4500 | ||
|---|---|---|---|
| 001 | CTU_64033 | ||
| 008 | 210402s9999 xx 000 0 und d | ||
| 082 | |a 423.95922 | ||
| 082 | |b V305 | ||
| 110 | |a Viện Ngôn ngữ học | ||
| 245 | 0 | |a Từ điển Anh - Việt (khoảng 340.000 mục từ) = | |
| 245 | 0 | |b English - Vietnamese dictionary | |
| 260 | |a Hà Nội | ||
| 260 | |b Khoa học xã hội | ||
| 260 | |c 2003 | ||
| 650 | |a English language | ||
| 650 | |x Dictionaries,Vietnamese | ||
| 904 | |i Minh,Hải | ||
| 980 | |a Trung tâm Học liệu Trường Đại học Cần Thơ | ||